000 01288nam0a2200361 4500
001 RU\NLR\BIBL_A\011695068
005 20180515150505.0
010 _a978-5-04-091306-0
_94000
021 _aRU
_bКН-П-18-025242
_9КН-П-18-1846
035 _a(NLR Aleph) 011695068
035 _a(RuMoRGB)009594625
090 _a11359471
_c11359471
100 _a20180508d2018 u y0rusy50 ca
101 1 _arus
_cswe
102 _aRU
105 _ay|||z|||000 y
200 1 _aЧерная заря
_fСилла и Рольф Бёрлинд
_g[пер. с швед. Ю. Колесовой]
210 _aМосква
_cЭ
_d2018
215 _a444, [2] с.
_d21
225 1 _aDETECTED
_eтайна, покорившая мир
225 1 _aВпервые на русском
333 _a18+
686 _aШ5(4Шв)64-644.6
_2rubbk
686 1 _aШ6(4Шв)67-440.4(С){Лх1489-45(С)}
686 1 _aШ6(4Шв)67-440.4(Р){Лх1489-45(Р)}
700 1 _aБёрлинд
_bС.
_f1961-
_gСилла
_3RU\NLR\AUTH\770145100
701 1 _aБёрлинд
_bР.
_f1943-
_gРольф
_3RU\NLR\AUTH\770145102
942 _cBOOK
980 _aNBR
980 _aNB